000
00262nam a2200097Ia 4500
008
230508s1990 xx 000 0 und d
041
_a
eng
100
_a
GRMBLEBY J.B.
245
_a
CM- AIDED ANALYSIS & DESIGN OF ELETRO NETWORK
260
_b
PITMAN BOOKS,LTD.
_c
1990
999
_c
323764
_d
323764